000 00358nam a2200169Ia 4500
100 _aSpurk/Joseph H
650 _aMechanics
942 _cBK
366 _f20
654 _afluid mechanics
245 _aFluid mechanics
260 _bSpringer International
_c1997
082 _a532
_bSPU
300 _a513
546 _aENGLISH
_cInfo.Tech
999 _c28893
_d28893